000
00173nam a2200097Ia 4500
100
_a
#N/A
942
_c
BK
245
_a
PCQ Xtreme
260
_b
#N/A
_c
2004
546
_a
ENGLISH
999
_c
26603
_d
26603